Общественно-профессиональная аккредитация образовательных программ в системе подготовки элитных специалистов; Элитное техническое образование

Detalles Bibliográficos
Parent link:Элитное техническое образование.— 2003.— С. 13-16
Outros autores: Похолков Ю. П. Юрий Петрович, Чучалин А. И. Александр Иванович, Боев О. В. Олег Владимирович, Могильницкий С. Б. Сергей Борисович
Idioma:ruso
Publicado: 2003
Subjects:
Formato: Capítulo de libro
KOHA link:https://koha.lib.tpu.ru/cgi-bin/koha/opac-detail.pl?biblionumber=106210

MARC

LEADER 00000naa2a2200000 4500
001 106210
005 20240914063137.0
035 |a (RuTPU)RU\TPU\book\114609 
090 |a 106210 
100 |a 20061201d2003 k y0rusy50 ca 
101 0 |a rus 
102 |a RU 
200 1 |a Общественно-профессиональная аккредитация образовательных программ в системе подготовки элитных специалистов  |f Ю. П. Похолков [и др.] 
463 0 |0 (RuTPU)RU\TPU\book\62195  |y 5-98298-033-1  |t Элитное техническое образование  |o труды международной конференции в рамках симпозиума, Москва, 11-13 ноября 2003 г.  |f Ассоциация инженерного образования России; Томский политехнический университет  |v С. 13-16  |d 2003  |p 136 с. 
610 1 |a аккредитация 
610 1 |a образовательные программы 
610 1 |a элитные специалисты 
610 1 |a элитное образование 
610 1 |a подготовка специалистов 
610 1 |a качество 
610 1 |a аттестация 
610 1 |a система аккредитации 
610 1 |a общественно-профессиональная аккредитация 
610 1 |a труды учёных ТПУ 
701 1 |a Похолков  |b Ю. П.  |c специалист в области электротехники, доктор технических наук  |c ректор Томского политехнического университета (1990-2008), профессор  |f 1939-  |g Юрий Петрович  |x TPU  |y Томск  |3 (RuTPU)RU\TPU\pers\10508  |4 070  |9 2235 
701 1 |a Чучалин  |b А. И.  |c профессор Томского политехнического университета, доктор технических наук  |c проректор по образовательной и международной деятельности  |f 1952-  |g Александр Иванович  |3 (RuTPU)RU\TPU\pers\22021  |4 070  |9 9318 
701 1 |a Боев  |b О. В.  |c доктор физико-математических наук  |c директор Центра международных образовательных программ Томского политехнического университета  |g Олег Владимирович  |3 (RuTPU)RU\TPU\pers\26490  |4 070  |9 12192 
701 1 |a Могильницкий  |b С. Б.  |c физик  |c доцент Томского политехнического университета, кандидат физико-математических наук  |f 1951-  |g Сергей Борисович  |3 (RuTPU)RU\TPU\pers\25470  |4 070  |9 11409 
801 1 |a RU  |b 63413507  |c 20061201  |g PSBO 
801 2 |a RU  |b 63413507  |c 20111202  |g RCR 
942 |c BK